📖150 premiers mots "La vengeance dans la peau" Robert Ludlum prologue - Statistiques

Statistiques générales
  • Ce quiz a Ă©tĂ© pris 4 fois
  • Le rĂ©sultat moyen est 85 sur 150
Statistiques - réponses
Mots % Correct
À
100%
avait
100%
Bourne
100%
C'
100%
Carlos
100%
Chacal,
100%
d'
100%
David,
100%
David Webb
100%
de
100%
Des
100%
des
100%
en
100%
en,
100%
et
100%
était
100%
il ...
100%
Jason Bourne
100%
l'
100%
La
100%
la
100%
le
100%
les
100%
Manassas,
100%
Manassas !
100%
n'
100%
Norman Swayne.
100%
nuit
100%
qu'
100%
que
100%
qui
100%
s'
100%
sa
100%
se
100%
t'
100%
tu
100%
Virginie,
100%
ce
75%
dans
75%
du
75%
ĂȘtre
75%
jamais
75%
je
75%
lui
75%
ne
75%
plus
75%
sur
75%
tombée
75%
un
75%
une
75%
'Va-
75%
Cette
50%
idée
50%
moi
50%
par
50%
pas
50%
pourras
50%
tĂȘte :
50%
toi ! '
50%
tout,
50%
toute
50%
veux
50%
vie
50%
allait
25%
assassin
25%
cri
25%
famille...
25%
retrouver
25%
tueur
25%
Webb !
25%
ailes ;
0%
alarme
0%
arbres,
0%
bordant
0%
bruissait
0%
campagne
0%
chaque
0%
cisaille
0%
clé
0%
clĂŽture
0%
complice.
0%
corneilles
0%
coup
0%
courte,
0%
couvert
0%
devenir ! '
0%
envolaient
0%
fer,
0%
fils
0%
forĂȘt
0%
froissement
0%
front
0%
gardaient
0%
général
0%
haleine
0%
haute
0%
intrus
0%
'Laisse-
0%
lançaient
0%
mentalement.
0%
nocturne.
0%
oiseaux
0%
ouvrir
0%
permettant
0%
phrase,
0%
piste
0%
porte
0%
propriété
0%
puis
0%
répétait
0%
réveillées
0%
silence
0%
silencieusement
0%
sueur,
0%
supprimer
0%
surpris
0%
traversait
0%
treillis
0%
Aucun quiz correspondant
Distribution des résultats
% des personnes avec chaque résultat
Percentile par nombre de réponses
Votre historique - résultats
Vous n’avez pas pris ce quiz